Risk reduction and diversification in UK commercial property portfolios (Record no. 80043)
[ view plain ]
| 000 -LEADER | |
|---|---|
| fixed length control field | 01204cab a22002175a 4500 |
| 001 - CONTROL NUMBER | |
| control field | L143054 |
| 008 - FIXED-LENGTH DATA ELEMENTS--GENERAL INFORMATION | |
| fixed length control field | 080404s2008 xxkd f s 000 0 eng d |
| 035 ## - SYSTEM CONTROL NUMBER | |
| System control number | (Sirsi) u143054 |
| 041 0# - LANGUAGE CODE | |
| Language code of text/sound track or separate title | eng |
| 100 1# - MAIN ENTRY--PERSONAL NAME | |
| Personal name | Callender, Mark |
| 245 00 - TITLE STATEMENT | |
| Title | Risk reduction and diversification in UK commercial property portfolios |
| 260 ## - PUBLICATION, DISTRIBUTION, ETC. | |
| Date of publication, distribution, etc. | 2008 |
| 490 #0 - SERIES STATEMENT | |
| Series statement | Journal of Property Research |
| Volume/sequential designation | 24(4) 2008, 355-375(21) |
| 520 ## - SUMMARY, ETC. | |
| Summary, etc. | Reports results from tests of risk reduction and diversification in direct real estate investment portfolios using the records from over 10 000 companies. Provides estimates of the diversification gains possible to individual fund managers. Quantifies the number of assets and the amount of money needed to construct both balanced and specialist property portfolios by direct investment. Shows that a large measure of risk reduction can be achieved with portfolios of 30-50 properties, but full diversification of specific risk can only be achieved in very large portfolios. |
| 590 ## - LOCAL NOTE (RLIN) | |
| Local note | KA |
| 651 #4 - SUBJECT ADDED ENTRY--GEOGRAPHIC NAME | |
| Geographic name | United Kingdom |
| Chronological subdivision | |
| 690 ## - LOCAL SUBJECT ADDED ENTRY--TOPICAL TERM (OCLC, RLIN) | |
| Topical term or geographic name as entry element | PROPERTY-COMMERCIAL PROPERTY-COMMERCIAL PROPERTY FINANCE AND INVESTMENT |
| 700 1# - ADDED ENTRY--PERSONAL NAME | |
| Personal name | Devaney, Steven |
| 700 1# - ADDED ENTRY--PERSONAL NAME | |
| Personal name | Sheahan, Angela |
| 942 ## - ADDED ENTRY ELEMENTS (KOHA) | |
| Suppress in OPAC | 0 |
| Withdrawn status | Lost status | Source of classification or shelving scheme | Damaged status | Not for loan | Home library | Current library | Shelving location | Date acquired | Total Checkouts | Full call number | Barcode | Date last seen | Copy number | Price effective from | Koha item type |
|---|---|---|---|---|---|---|---|---|---|---|---|---|---|---|---|
| Dewey Decimal Classification | London | London | Journal article | 04/04/2008 | L143054 | 143054-1001 | 06/08/2019 | 1 | 06/08/2019 | Journal article |